000 00504ngm a2200169 i 4500
001 C2-0302288
003 PPAK
005 20180727220234.0
008 100120s xxu|||| ||||| | vleng d
040 _aPPAK
_beng
_cPPAK
_erda
245 0 0 _aBarack Obama : ; from his childhood years to his historic bid for the white house
264 1 _aUnited States :
_bA&E Television Networks ,
336 _2rdacontent
_atext
337 _2rdamedia
_aunmediated
338 _2rdacarrier
_avolume
942 _2ddc
_cDVD
999 _c165904
_d165904